| Tag |
First Indicator |
Second Indicator |
Subfields |
| LEADER |
00000cai a2200000 i 4500 |
| 001 |
in00004150737 |
| 005 |
20210728140306.0 |
| 006 |
m|||||o||d|||||||| |
| 007 |
cr ||||||||||| |
| 008 |
180605d20182019nyu|| d|o|||| 0 a|eng|d |
| 020 |
|
|
|a 9780190659820 (online resource) :
|c No price
|
| 035 |
|
|
|a (StDuBDS)EDZ0001892788
|
| 035 |
|
|
|a 6225404
|
| 040 |
|
|
|a StDuBDS
|b eng
|e rda
|e pn
|c StDuBDS
|d UtOrBLW
|
| 050 |
|
4 |
|a CD973.2
|
| 082 |
0 |
4 |
|a 025.288
|2 23
|
| 245 |
0 |
4 |
|a The Oxford handbook of musical repatriation /
|c edited by Frank Gunderson, Rob Lancefield, and Bret Woods.
|
| 246 |
3 |
0 |
|a Musical repatriation
|
| 264 |
|
1 |
|a New York :
|b Oxford University Press,
|c 2018-2019.
|
| 300 |
|
|
|a 1 online resource (824 pages).
|
| 310 |
|
|
|a Monthly,
|b 2018-2019
|
| 336 |
|
|
|a text
|b txt
|2 rdacontent
|
| 337 |
|
|
|a computer
|b c
|2 rdamedia
|
| 338 |
|
|
|a online resource
|b cr
|2 rdacarrier
|
| 490 |
1 |
|
|a Oxford handbooks online
|
| 504 |
|
|
|a Includes bibliographical references and index.
|
| 505 |
0 |
0 |
|t Musical Traces' Retraceable Paths: The Repatriation of Recorded Sound /
|r Robert C. Lancefield --
|t "Boulders, Fighting on the Plain": A World-War-One-Era Song Repatriated and Remembered in Western Tanzania /
|r Frank Gunderson -- /
|r Grace Koch --
|t Sharing John Blacking: Recontextualizing Children's Music and Reimagining Musical Instruments in the Repatriation of a Historical Collection /
|r Andrea Emberly, Jennifer C. Post --
|t Autism Doesn't Speak, People Do: Musical Thinking, Chat Messaging, and Autistic Repatriation /
|r Michael B. Bakan --
|t Musical Repatriation as Method /
|r Michael Iyanaga --
|t Teachers as Agents of the Repatriation of Music and Cultural Heritage /
|r Patricia Shehan Campbell, J. Christopher Roberts -- /
|r Catherine Ingram --
|t Radio Afghanistan Archive Project: Averting Repatriation, Building Capacity /
|r Hiromi Lorraine Sakata, Laurel Sercombe, John Vallier --
|t Bringing Radio Haiti Home: The Digital Archive as Devoir de Mémoire /
|r Craig Breaden, Laura Wagner --
|t Reflections on Reconnections: When Human and Archival Modes of Memory Meet /
|r Daniel B. Reed --
|t Bali 1928 Music Recordings and 1930s Films: Strategies for Cultural Repatriation /
|r Edward Herbst --
|t Cinematic Journeys to the Source: Musical Repatriation to Africa in Film /
|r Lisa Osunleti Beckley-Roberts --
|t "Pour préserver la mémoire": Algerian Sha'bī Musicians as Repatriated Subjects and Agents of Repatriation /
|r Christopher Orr --
|t Repatriating an Egyptian Modernity: Transcriptions and the Rise of Coptic Women's Song Activism /
|r Carolyn M. Ramzy --
|t Memory, Trauma, and the Politics of Repatriating Bikindi's Music in the Aftermath of the Rwandan Genocide /
|r Jason McCoy --
|t New Folk Music as Attempted Repatriation in Romania /
|r Maurice Mengel --
|t The Politics of Repatriating Civil War Brass Music /
|r Elizabeth Whittenburg Ozment --
|t Radio Archives and the Art of Persuasion /
|r Carlos Odria --
|t The Banning of Samoa's Repatriated Mau Songs /
|r Richard Moyle --
|t Music Archives and Repatriation: Digital Return of Hugh Tracey's "Chemirocha" Recordings in Kenya /
|r Diane Thram --
|t Digital Repatriation: Copyright Policies, Fair Use, and Ethics /
|r Alex Perullo --
|t Mountain Highs, Valley Lows: Institutional Archiving of Gospel Music in the Twenty-First Century /
|r Birgitta Johnson -- /
|r Lyz Jaakola, Timothy B. Powell --
|t After the Archive: An Archaeology of Bosnian Voices /
|r Peter McMurray --
|t Reclaiming Ownership of the Indigenous Voice: The Hopi Music Repatriation Project /
|r Trevor Reed --
|t Yolngu Music, Indigenous "Knowledge Centres," and the Emergence of Archives as Contact Zones /
|r Peter G. Toner --
|t Traditional Re-Appropriation: Modes of Access and Digitization in Irish Traditional Music /
|r Bret Woods --
|t Claiming Ka Mate: Māori Cultural Property and the Nation's Stake /
|r Lauren E. Sweetman, Kirsten Zemke --
|t Repatriation and Decolonization: Thoughts on Ownership, Access, and Control /
|r Robin R. R. Gray --
|t Rethinking Repatriation and Curation in Newfoundland: Archives, Angst, and Opportunity /
|r Beverly Diamond, Janice Esther Tulk --
|t Bells in the Cultural Soundscape: Nazi-Era Plunder, Repatriation, and Campanology /
|r Carla Shapreau --
|t Moving Songs: Repatriating Audiovisual Recordings of Aboriginal Australian Dance and Song (Kimberley Region, Northwestern Australia) /
|r Sally Treloyn, Matthew Dembal Martin, Rona Goonginda Charles --
|t Pathways toward Open Dialogues about Sonic Heritage: An Introduction to The Oxford Handbook of Musical Repatriation /
|r Frank Gunderson, Bret Woods --
|t Repatriating the Alan Lomax Haitian Recordings in Post-quake Haiti /
|r Gage Averill -- /
|r Holly Wissler --
|t Audiovisual Archives: Bridging Past and Future /
|r Judith Gray --
|t Archives, Repatriation, and the Challenges Ahead /
|r Anthony Seeger --
|t Returning Voices: Repatriation as Shared Listening Experiences /
|r Brian Diettrich.
|
| 520 |
8 |
|
|a The Oxford Handbook of Musical Repatriation is an edited volume comprising 38 chapters from contributors working in regions all over the world. This collection highlights studies exploring sonic repatriation in its broadest sense in the 20th and 21st centuries. "Sonic" or "musical" repatriation refers primarily to the return of audiovisual archival materials to the communities from which they were initially recorded or collected. Repatriation is overtly guided by an ethical mandate to "return," providing reconnection and Indigenous control and access to cultural materials - but as the chapters in this collection reveal, there are more dimensions to repatriation than can be described by simply "giving back" or returning archives to their "homelands."
|
| 588 |
|
|
|a Description based on online resource; title from home page (viewed on October 1, 2019).
|
| 650 |
|
0 |
|a Cultural property
|x Repatriation.
|0 http://id.loc.gov/authorities/subjects/sh97000184
|
| 650 |
|
0 |
|a Sound archives.
|0 http://id.loc.gov/authorities/subjects/sh92002640
|
| 700 |
1 |
|
|a Gunderson, Frank D.,
|e editor.
|0 http://id.loc.gov/authorities/names/no00070731
|
| 700 |
1 |
|
|a Lancefield, Robert C.,
|e editor.
|0 http://id.loc.gov/authorities/names/n2018046802
|
| 700 |
1 |
|
|a Woods, Bret D.,
|d 1978-
|e editor.
|0 http://id.loc.gov/authorities/names/no2012071862
|
| 776 |
0 |
8 |
|i Print version :
|z 9780190659806
|
| 830 |
|
0 |
|a Oxford handbooks online.
|0 http://id.loc.gov/authorities/names/no2016007957
|
| 856 |
4 |
0 |
|u http://proxy.library.tamu.edu/login?url=https://dx.doi.org/10.1093/oxfordhb/9780190659806.001.0001
|z Connect to the full text of this electronic book
|t 0
|
| 999 |
f |
f |
|s b9d7fc70-6db0-3883-a237-ba18e0d1bba9
|i d89c7f77-649d-3ab6-ad62-eec70cdbf962
|t 0
|
| 952 |
f |
f |
|a Texas A&M University
|b College Station
|c Electronic Resources
|d Available Online
|t 0
|e CD973.2
|h Library of Congress classification
|
| 998 |
f |
f |
|a CD973.2
|t 0
|l Available Online
|